Statistics for Michael Jackson Charting Songs (Billboard Hot 100)

Click here to take the quiz!

General Stats

  • This quiz has been taken 32 times
  • The average score is 22 of 51

Answer Stats

AlbumWeeks OnPeakArtist(s)Song% Correct
Bad14 Weeks#1 (2 Weeks)Michael JacksonBad
100%
Thriller20 Weeks#4Michael JacksonThriller
96%
Thriller25 Weeks#1 (7 Weeks)Michael JacksonBillie Jean
89%
Ben16 Weeks#1 (1 Week)Michael JacksonBen
86%
Thriller25 Weeks#1 (3 Weeks)Michael JacksonBeat It
86%
Bad15 Weeks#7Michael JacksonSmooth Criminal
86%
Off the Wall17 Weeks#10Michael JacksonOff the Wall
79%
Dangerous20 Weeks#1 (7 Weeks)Michael JacksonBlack or White
71%
Bad18 Weeks#1 (1 Week)Michael JacksonThe Way You Make Me Feel
68%
Bad14 Weeks#1 (1 Week)Michael JacksonDirty Diana
68%
Bad17 Weeks#1 (2 Weeks)Michael JacksonMan in the Mirror
68%
Thriller18 Weeks#2Michael Jackson & Paul McCartneyThe Girl is Mine
68%
Dangerous20 Weeks#3Michael JacksonRemember the Time
64%
HIStory: Past, Present and Future, Book I17 Weeks#5Michael Jackson & Janet JacksonScream / Childhood
64%
Got To Be There14 Weeks#4Michael JacksonGot To Be There
64%
Off the Wall21 Weeks#1 (1 Week)Michael JacksonDon't Stop 'til You Get Enough
61%
Pipes of Peace22 Weeks#1 (6 Weeks)Paul McCartney & Michael JacksonSay Say Say
61%
HIStory: Past, Present and Future, Book I20 Weeks#1 (1 Week)Michael JacksonYou Are Not Alone
57%
Off the Wall24 Weeks#1 (4 Weeks)Michael JacksonRock with You
57%
Blood on the Dance Floor: HIStory in the Mix11 Weeks#42Michael JacksonBlood on the Dance Floor
57%
Bad14 Weeks#1 (1 Week)Michael Jackson with Siedah GarrettI Just Can't Stop Loving You
50%
Thriller15 Weeks#5Michael JacksonWanna Be Startin' Somethin'
46%
Invincible20 Weeks#10Michael JacksonYou Rock My World
46%
Xscape20 Weeks#9Michael Jackson & Justin TimberlakeLove Never Felt So Good
43%
HIStory: Past, Present and Future, Book I13 Weeks#30Michael JacksonThey Don't Care About Us
39%
Thriller14 Weeks#7Michael JacksonHuman Nature
39%
Off the Wall16 Weeks#10Michael JacksonShe's Out of My Life
36%
Dangerous20 Weeks#27Michael JacksonHeal the World
36%
HIStory: Past, Present and Future, Book I2 Weeks#91Michael JacksonStranger in Moscow
36%
Dangerous14 Weeks#26Michael JacksonJam
32%
Dangerous20 Weeks#7Michael JacksonWill You Be There
32%
One Day in Your Life7 Weeks#55Michael JacksonOne Day in Your Life
29%
Dangerous20 Weeks#6Michael JacksonIn the Closet
29%
Scorpion5 Weeks#9Drake ft. Michael JacksonDon't Matter to Me
25%
Number Ones5 Weeks#83Michael JacksonOne More Chance
21%
Michael9 Weeks#39Michael Jackson Duet with AkonHold My Hand
21%
Bad13 Weeks#11Michael JacksonAnother Part of Me
21%
Invincible20 Weeks#14Michael JacksonButterflies
18%
Dangerous18 Weeks#14Michael JacksonWho Is It
18%
Farewell My Summer Love12 Weeks#38Michael JacksonFarewell My Summer Love
18%
Go To Be There13 Weeks#2Michael JacksonRockin' Robin
18%
Characters6 Weeks#80Stevie Wonder & Michael JacksonGet It
14%
Thriller16 Weeks#10Michael JacksonP.Y.T. (Pretty Young Thing)
14%
The Wiz9 Weeks#41Diana Ross & Michael JacksonEase On Down the Road
14%
Xscape1 Week#45Michael JacksonSlave to the Rhythm
11%
Forever, Michael12 Weeks#23Michael JacksonJust a Little Bit of You
11%
The Wiz3 Weeks#81Michael JacksonYou Can't Win
11%
Music & Me7 Weeks#50Michael JacksonWith a Child's Heart
7%
Forever, Michael8 Weeks#54Michael JacksonWe're Almost There
7%
Got To Be There11 Weeks#16Michael JacksonI Wanna Be Where You Are
7%
Thriller - 25th Anniversary Edition3 Weeks#81Michael Jackson with AkonWanna Be Startin' Somethin' 2008
4%

Score Distribution

Percentile by Number Answered

Percent of People with Each Score

Your Score History

You have not taken this quiz